header

Florida's frontiers (Record no. 2474)

MARC details
000 -LEADER
fixed length control field 01957nam a2200373 a 4500
082 04 - DEWEY DECIMAL CLASSIFICATION NUMBER
Classification number 975.9
100 1# - MAIN ENTRY--AUTHOR NAME
Personal name Hoffman, Paul E.,
245 10 - TITLE STATEMENT
Title Florida's frontiers
260 ## - PUBLICATION, DISTRIBUTION, ETC. (IMPRINT)
Place of publication Bloomington :
Name of publisher Indiana University Press,
Year of publication c2001.
300 ## - PHYSICAL DESCRIPTION
Number of Pages xvi, 470 p. :
Other physical details maps.
490 1# - SERIES STATEMENT
Series statement A history of the trans-appalachian frontier
505 0# - FORMATTED CONTENTS NOTE
Formatted contents note The secrets of the land -- Discovering the secrets -- The Spanish tidewater frontier, first phase, 1562-1586 -- The tidewater frontier, second phase, 1586-1608 -- The inland frontier, 1608-1650 -- Death, rebellion, a new accommodation, and new defenses: La Florida's frontiers, 1650-1680 -- The first contests with the English, 1680-1702 -- The military frontier, at last, 1702-1763 -- New tidewater frontiers, 1763-1790 -- The American frontier envelops east Florida, 1790-1821 -- The American frontiers, 1821-1860.
650 #0 - SUBJECT ADDED ENTRY--TOPICAL TERM
Topical Term Frontier and pioneer life
Topical Term Human geography
856 40 - ELECTRONIC LOCATION AND ACCESS
Uniform Resource Identifier http://site.ebrary.com/lib/rucke/Doc?id=10003025

No items available.

© 2026 Rongo University
Contact us: librarian | system librarian | Rongo university